| 000 | 00358nam a22001217a 4500 | ||
|---|---|---|---|
| 020 | _a9787119117294 | ||
| 040 | _cNUST | ||
| 082 |
_a339.460951 _bFOR |
||
| 245 |
_aA Foreign Lens : _b How Global Partners View China's Poverty Alleviation Efforts |
||
| 260 |
_aBeijing; _bForeign Language Press, _c2019. |
||
| 300 |
_a167p _bPaperback _c23 cm. |
||
| 942 |
_2ddc _cBK |
||
| 999 |
_c588334 _d588334 |
||